00776 2200193 4500001002100000005001700021008004100038035002500079040001200104082001600116084002000132100004600152245021400198260004100412300002600453650007300479850001200552990001800564INLIS00000000000616820150729131441.0  a0010-061500000000289 aYOPDYOG 223a343.034 aR 343.034 Ind P aINDONESIA [Undang-undang, peraturan, dsb] aPermendagri No.36 Tahun 2011 tentang perubahan atas Permendagri No.16 Tahun 2007 tentang tata cara evaluasi rancangan peraturan daerah tentang APBD dan rancangan peraturan kepala daerah tentang penjabaran APBD aJakartabCipta Media Indonesiac2011 ax, 208 hlm.c; 21 cm. aAnggaran Pendapatan dan Belanja Negara - Undang-undang dan peraturan aYOPDYOG a17283-PD/B.15